Social basis of Japan's economic development (Record no. 1069525)

MARC details
000 -LEADER
fixed length control field 00938nam a2200289Ia 4500
003 - CONTROL NUMBER IDENTIFIER
control field OSt
005 - DATE AND TIME OF LATEST TRANSACTION
control field 20221006141141.0
008 - FIXED-LENGTH DATA ELEMENTS--GENERAL INFORMATION
fixed length control field 221006b |||||||| |||| 00| 0 eng d
037 ## - SOURCE OF ACQUISITION
Terms of availability Dissertations
040 ## - CATALOGING SOURCE
Original cataloging agency EASL
Transcribing agency EASL
Language of cataloging eng
041 ## - LANGUAGE CODE
Source of code eng
Language code of text/sound track or separate title eng
100 ## - MAIN ENTRY--PERSONAL NAME
Personal name Ranjan Rajiv
110 ## - MAIN ENTRY--CORPORATE NAME
Corporate name or jurisdiction name as entry element Delhi University. Social Sciences. Chinese and Japanese Studies
9 (RLIN) 644550
245 #0 - TITLE STATEMENT
Title Social basis of Japan's economic development
Remainder of title An examination of Japanese personality characteristics B.M.Tankha
260 ## - PUBLICATION, DISTRIBUTION, ETC.
Date of publication, distribution, etc. 1984
300 ## - PHYSICAL DESCRIPTION
Extent 183p.
Dimensions cm.
490 ## - SERIES STATEMENT
Volume/sequential designation A Dis
500 ## - GENERAL NOTE
General note Both Acc. Nos. are of same dissertation
650 ## - SUBJECT ADDED ENTRY--TOPICAL TERM
Topical term or geographic name entry element Diss
9 (RLIN) 644551
700 ## - ADDED ENTRY--PERSONAL NAME
Personal name Delhi University. Social Sciences. Chinese and Japanese Studies
9 (RLIN) 644552
942 ## - ADDED ENTRY ELEMENTS (KOHA)
Classification part 0000035, RAN
Koha item type Dissertations
Source of classification or shelving scheme Colon Classification (CC)

No items available.

Copyright @ Delhi University Library System